Sentier vers Saint-Jacques-de-Compostelle
via Arles > Arles - Toulouse
<< Retourner aux résultats de la recherche| Auteurs : | Fédération française de la randonnée pédestre |
|---|---|
| Titre : | Sentier vers Saint-Jacques-de-Compostelle |
| Support : | Livres |
| Langue : | Francais |
| Publié : |
2013 FFRandonnée Paris |
| Genre : |
Documentaire |
| Collection : |
Topo-guides |
| Sujets : |
Saint-Jacques-de-Compostelle (Espagne)
|
| Étiquettes : |
Pas de tags
|
| LEADER | 01216nam0a2200289 450 | ||
|---|---|---|---|
| 001 | 16832598 | ||
| 010 | |a 978-2-7514-0627-0 |b br. |d 14,9 | ||
| 100 | |a 20131231d2013 u u0frey01 ba | ||
| 101 | 0 | |a fre | |
| 102 | |a FR | ||
| 200 | 0 | |a Sentier vers Saint-Jacques-de-Compostelle |e via Arles > Arles - Toulouse |f Fédération française de la randonnée pédestre | |
| 205 | |a 2e éd. | ||
| 207 | 1 | |a | |
| 210 | |a Paris |c FFRandonnée |d 2013 | ||
| 215 | |a 1 guide (144 p.) |c cartes et ill. en coul., couv. ill. en coul. |d 21 cm | ||
| 225 | 1 | |a Topo-guides |i Grande randonnée |v 6533 | |
| 300 | |a Index des noms de lieux | ||
| 330 | |a un itinéraire du pèlerinage de Compostelle (GR 65), de la Vierge noire du Puy à Figeac, à travers l'Aubrac et entre la Loire et le Lot. | ||
| 606 | 0 | |a Randonnée pédestre | |
| 607 | |a Chemins de Saint-Jacques |x Randonnée pédestre |y France | ||
| 608 | |a Guide |x Randonnée pédestre |y France | ||
| 610 | 0 | |a Saint-Jacques-de-Compostelle (Espagne) | |
| 676 | |a 914.48 | ||
| 710 | 0 | 2 | |a Fédération française de la randonnée pédestre |4 70 |
| 900 | |a Documentaire | ||
| 901 | |a Adultes | ||
| 995 | |a Médiathèque |c Médiathèque |f 089012973 |h 089012973 |k 914.48 SEN |o p |q a |r az |e Médiathèque | ||